00615nam a2200133Ia 45000010005000000080041000050820039000461000100000852450223001852600024004085900007004329010027004399990015004661381241024s9999 xx 000 0 und d aRD/370.71/G892a/2008 LIBRO NO ESTA aRepública Dominicana.Grupo Gestión Moderna, Gestar Estado,Sociedad y Políticas Públicas 0aAsistencia técnica de apoyo a la Secretaría de Estado de Educación de la República Dominicana en la Creación y puesta en marcha de un sistema nacional de Evaluación e Investigación de la Calidad Educativa bSanto Domingoc2008 asi a29/3/2011 3:28:52 p.m. c9232d9232